ਗੁਰੂ ਰਵਿਦਾਸ ਜੀਵਨੀ ਤੇ ਬਾਣੀ-ਬੋਧ / (Record no. 110798)

MARC details
000 -LEADER
fixed length control field 00986nam a22002417a 4500
010 ## - LIBRARY OF CONGRESS CONTROL NUMBER
LC control number B-095169
020 ## - INTERNATIONAL STANDARD BOOK NUMBER
International Standard Book Number 8176471267
Terms of availability 120.00
035 ## - SYSTEM CONTROL NUMBER
System control number B-095169
037 ## - SOURCE OF ACQUISITION
Stock number Cen Lib / Ret
040 ## - CATALOGING SOURCE
Original cataloging agency DPL
Language of cataloging PN
082 ## - DEWEY DECIMAL CLASSIFICATION NUMBER
Edition number 821.08
Classification number ਰਵਿਦਾ
100 ## - MAIN ENTRY--PERSONAL NAME
Personal name ਸਰੋਜ ਰਾਣੀ ਸ਼ਰਮਾ
9 (RLIN) 131667
245 ## - TITLE STATEMENT
Title ਗੁਰੂ ਰਵਿਦਾਸ ਜੀਵਨੀ ਤੇ ਬਾਣੀ-ਬੋਧ /
Statement of responsibility, etc ਸਰੋਜ ਰਾਨੀ ਸ਼ਰਮਾ
246 ## - VARYING FORM OF TITLE
Title proper/short title Guru ravidass jiwani te bani bod : criticism /
Remainder of title by Saroj Rani Sharma
260 ## - PUBLICATION, DISTRIBUTION, ETC. (IMPRINT)
Place of publication, distribution, etc ਲੁਧਿਆਣਾ
Name of publisher, distributor, etc ਲਾਹੈਰ ਬੂਕ ਸ਼ਾਪ
Date of publication, distribution, etc 2004
270 ## - ADDRESS
Address 2- ਲਾਜਪਤ ਰਾਏ ਮਾਰਕੇਟ
City ਲੁਧਿਆਣਾ
300 ## - PHYSICAL DESCRIPTION
Extent 112p ;
Other physical details 24cm
650 ## - SUBJECT ADDED ENTRY--TOPICAL TERM
Topical term or geographic name as entry element Rawidāsa, -- Gurū
9 (RLIN) 131668
650 ## - SUBJECT ADDED ENTRY--TOPICAL TERM
Topical term or geographic name as entry element ਰਾਵੀਦੱਸ -- ਗੁਰੂ
9 (RLIN) 147
650 ## - SUBJECT ADDED ENTRY--TOPICAL TERM
Topical term or geographic name as entry element ਆਲੋਚਨਾ
9 (RLIN) 131669
650 ## - SUBJECT ADDED ENTRY--TOPICAL TERM
Topical term or geographic name as entry element Criticism
9 (RLIN) 131670
942 ## - ADDED ENTRY ELEMENTS (KOHA)
Source of classification or shelving scheme Dewey Decimal Classification
Koha item type Punjabi Bks
Classification part 821.08
Call number suffix ਰਵਿਦਾ
Holdings
Withdrawn status Lost status Damaged status Not for loan Home library Current library Date acquired Source of acquisition Cost, normal purchase price Total Checkouts Full call number Barcode Date last seen Copy number Cost, replacement price Price effective from Koha item type
        Central Library Central Library 08/02/2016 Cen Lib/Ret 120.00   821.08 ਰਵਿਦਾ B-095169 08/02/2016 1 120.00 08/02/2016 Punjabi Bks

© Delhi Public Library
Hit Counter
free hit counter